[Event "ROM-chT"]
[Site "Romania"]
[Date "1993.??.??"]
[Round "3"]
[White "Barbulescu, Dan"]
[Black "Dragomirescu, Calin"]
[Result "1/2-1/2"]
[WhiteElo "2405"]
[BlackElo "2230"]
[PlyCount "80"]
[EventDate "1993.??.??"]
[EventType "team"]
[EventRounds "9"]
[EventCountry "ROU"]
[SourceTitle "EXT 1998"]
[Source "ChessBase"]
[SourceDate "1997.11.17"]
[SourceVersion "1"]
[SourceVersionDate "1997.11.17"]
[SourceQuality "1"]

1. Nf3 Nf6 2. c4 g6 3. g3 Bg7 4. Bg2 0-0 5. 0-0 d6 6. Nc3 c6 7. d3 a6 8. Ne1 d5 9. cxd5 cxd5 10. d4 Nc6 11. Bg5 Be6 12. Bxf6 Bxf6 13. e3 h5 14. Nd3 Bg4 15. Qb3 e6 16. Qxb7 Na5 17. Qb4 Nc4 18. b3 Be7 19. Qa4 Bf5 20. Nc5 Nb2 21. Qa3 Nd3 22. b4 a5 23. b5 Nxc5 24. dxc5 Rc8 25. Na4 Bc2 26. Rac1 Bxa4 27. Qxa4 Bxc5 28. Qf4 Qb6 29. a4 Ba3 30. Ra1 Bb2 31. Rab1 Rc4 32. e4 Bg7 33. Rfc1 Rfc8 34. Qd2 dxe4 35. Bxe4 Kh7 36. Rxc4 Rxc4 37. Qe2 Rxa4 38. Qxh5+ Kg8 39. Qe2 Rb4 40. Rxb4 axb4 1/2-1/2

[Event "Bucharest schev"]
[Site "Bucharest"]
[Date "1993.??.??"]
[Round "?"]
[White "Barbulescu, Dan"]
[Black "Florescu, Codrut Constantin"]
[Result "1-0"]
[WhiteElo "2405"]
[BlackElo "2280"]
[PlyCount "74"]
[EventDate "1993.??.??"]
[EventType "schev"]
[EventRounds "11"]
[EventCountry "ROU"]
[SourceTitle "EXT 1997"]
[Source "ChessBase"]
[SourceDate "1996.11.15"]
[SourceVersion "1"]
[SourceVersionDate "1996.11.15"]
[SourceQuality "1"]

1. Nf3 Nf6 2. c4 b6 3. g3 Bb7 4. Bg2 g6 5. b3 Bg7 6. Bb2 0-0 7. 0-0 Qc8 8. Nc3 Re8 9. d4 d5 10. cxd5 Nxd5 11. Rc1 Nxc3 12. Bxc3 Bd5 13. Qc2 Qb7 14. Rfd1 Nd7 15. Ne1 Bxg2 16. Nxg2 Nf6 17. Nf4 Rad8 18. Bb2 Rd7 19. Nd3 Ne4 20. f3 Ng5 21. Nf4 Red8 22. h4 Nxf3+ 23. exf3 Qxf3 24. Rd3 Qe4 25. Rd2 Qf3 26. Rd3 Qg4 27. d5 e5 28. Qe2 Qf5 29. Ng2 e4 30. Rdd1 Bh6 31. Rc4 Re8 32. g4 Qf3 33. Re1 Qxe2 34. Rc2 f5 35. gxf5 gxf5 36. Rc6 Rd6 37. Rxd6 cxd6 1-0

[Event "Bucharest schev"]
[Site "Bucharest"]
[Date "1993.??.??"]
[Round "?"]
[White "Barbulescu, Dan"]
[Black "Khachiyan, Melikset"]
[Result "1/2-1/2"]
[WhiteElo "2405"]
[BlackElo "2415"]
[PlyCount "46"]
[EventDate "1993.??.??"]
[EventType "schev"]
[EventRounds "11"]
[EventCountry "ROU"]
[SourceTitle "EXT 1997"]
[Source "ChessBase"]
[SourceDate "1996.11.15"]
[SourceVersion "1"]
[SourceVersionDate "1996.11.15"]
[SourceQuality "1"]

1. Nf3 Nf6 2. c4 g6 3. g3 Bg7 4. Bg2 0-0 5. 0-0 d5 6. cxd5 Nxd5 7. d4 Nc6 8. e4 Nb6 9. d5 Na5 10. Qe2 c6 11. dxc6 Nxc6 12. Rd1 Qc7 13. Na3 Bg4 14. Bf4 Qc8 15. Nb5 a6 16. Nc7 Ra7 17. Nd5 Nxd5 18. exd5 e5 19. Be3 Nd4 20. Nxd4 exd4 21. Rac1 Qd7 22. h3 Re8 23. Qf1 Bf3 1/2-1/2

[Event "Bucharest schev"]
[Site "Bucharest"]
[Date "1993.??.??"]
[Round "?"]
[White "Barbulescu, Dan"]
[Black "Moldovan, Daniel"]
[Result "1/2-1/2"]
[WhiteElo "2405"]
[BlackElo "2435"]
[PlyCount "20"]
[EventDate "1993.??.??"]
[EventType "schev"]
[EventRounds "11"]
[EventCountry "ROU"]
[SourceTitle "EXT 1997"]
[Source "ChessBase"]
[SourceDate "1996.11.15"]
[SourceVersion "1"]
[SourceVersionDate "1996.11.15"]
[SourceQuality "1"]

1. Nf3 d5 2. d4 Nf6 3. c4 c6 4. cxd5 cxd5 5. Nc3 Nc6 6. Bf4 a6 7. e3 Bg4 8. Be2 e6 9. 0-0 Bxf3 10. Bxf3 Bd6 1/2-1/2

[Event "Bucharest schev"]
[Site "Bucharest"]
[Date "1993.??.??"]
[Round "?"]
[White "Negulescu, Adrian"]
[Black "Barbulescu, Dan"]
[Result "1/2-1/2"]
[WhiteElo "2425"]
[BlackElo "2405"]
[PlyCount "56"]
[EventDate "1993.??.??"]
[EventType "schev"]
[EventRounds "11"]
[EventCountry "ROU"]
[SourceTitle "EXT 1997"]
[Source "ChessBase"]
[SourceDate "1996.11.15"]
[SourceVersion "1"]
[SourceVersionDate "1996.11.15"]
[SourceQuality "1"]

1. d4 Nf6 2. Nc3 d5 3. Bg5 e6 4. e4 dxe4 5. Nxe4 Be7 6. Nxf6+ Bxf6 7. Bxf6 Qxf6 8. Nf3 0-0 9. Bd3 c5 10. 0-0 cxd4 11. Nxd4 Rd8 12. Nf3 Nc6 13. c3 b6 14. Qc2 g6 15. Rad1 Bb7 16. Be4 Rxd1 17. Rxd1 Rd8 18. h3 Qe7 19. Rxd8+ Nxd8 20. Bxb7 Qxb7 21. Qd2 Qc7 22. h4 f6 23. Nh2 Kg7 24. Ng4 Nf7 25. Qd4 Qd8 26. Qxd8 Nxd8 27. Kf1 e5 28. Ke2 e4 1/2-1/2

[Event "Bucharest schev"]
[Site "Bucharest"]
[Date "1993.??.??"]
[Round "?"]
[White "Tomescu, Vlad"]
[Black "Barbulescu, Dan"]
[Result "1/2-1/2"]
[WhiteElo "2435"]
[BlackElo "2405"]
[PlyCount "49"]
[EventDate "1993.??.??"]
[EventType "schev"]
[EventRounds "11"]
[EventCountry "ROU"]
[SourceTitle "EXT 1997"]
[Source "ChessBase"]
[SourceDate "1996.11.15"]
[SourceVersion "1"]
[SourceVersionDate "1996.11.15"]
[SourceQuality "1"]

1. e4 e6 2. d4 d5 3. Nc3 Bb4 4. exd5 exd5 5. Bd3 Nc6 6. a3 Be7 7. Bf4 a6 8. Nf3 Nf6 9. h3 Be6 10. 0-0 0-0 11. Re1 h6 12. Re3 Bd6 13. Bxd6 Qxd6 14. Qd2 Rfe8 15. Rae1 Bd7 16. Re5 Re7 17. Qf4 Rae8 18. R1e3 Be6 19. Qh4 Bd7 20. Qg3 Kf8 21. Rxe7 Rxe7 22. Rxe7 Nxe7 23. Qe5 Qxe5 24. Nxe5 Bf5 25. f3 1/2-1/2

[Event "ROM-chT"]
[Site "Romania"]
[Date "1992.??.??"]
[Round "?"]
[White "Badea, Bela"]
[Black "Barbulescu, Dan"]
[Result "1/2-1/2"]
[WhiteElo "2395"]
[BlackElo "2430"]
[PlyCount "39"]
[EventDate "1992.??.??"]
[EventType "team"]
[EventRounds "9"]
[EventCountry "ROU"]
[SourceTitle "EXT 1997"]
[Source "ChessBase"]
[SourceDate "1996.11.15"]
[SourceVersion "1"]
[SourceVersionDate "1996.11.15"]
[SourceQuality "1"]

1. Nf3 Nf6 2. g3 b6 3. Bg2 Bb7 4. 0-0 e6 5. c4 Be7 6. b3 0-0 7. Bb2 d5 8. e3 dxc4 9. bxc4 c5 10. Qe2 Nc6 11. d3 Qd7 12. Nc3 Rfd8 13. Rfd1 Ne8 14. d4 cxd4 15. exd4 Bf8 16. Rac1 Qe7 17. Nb1 Rac8 18. Nbd2 Na5 19. Bc3 Qa3 20. Ng5 1/2-1/2

[Event "Naleczow"]
[Site "Naleczow"]
[Date "1988.??.??"]
[Round "2"]
[White "Barbulescu, Dan"]
[Black "Solozhenkin, Evgeniy"]
[Result "0-1"]
[WhiteElo "2445"]
[BlackElo "2400"]
[PlyCount "76"]
[EventDate "1988.07.??"]
[EventType "tourn"]
[EventRounds "13"]
[EventCountry "POL"]
[EventCategory "7"]
[SourceTitle "EXT 1997"]
[Source "ChessBase"]
[SourceDate "1996.11.15"]
[SourceVersion "1"]
[SourceVersionDate "1996.11.15"]
[SourceQuality "1"]

1. e4 e5 2. Nf3 Nc6 3. Bb5 a6 4. Ba4 Nf6 5. 0-0 Be7 6. Re1 b5 7. Bb3 d6 8. c3 0-0 9. h3 Re8 10. Ng5 Rf8 11. d4 Bb7 12. Nf3 Re8 13. Ng5 Rf8 14. Nf3 Qd7 15. Nbd2 Rae8 16. Nf1 exd4 17. cxd4 Na5 18. Bc2 d5 19. e5 Ne4 20. N1d2 f5 21. exf6 Bxf6 22. Nxe4 dxe4 23. Ne5 Bxe5 24. dxe5 Qf7 25. Be3 Rxe5 26. Bd4 Rg5 27. Bxe4 c5 28. Qd2 h6 29. Qxa5 Bxe4 30. Rxe4 cxd4 31. f4 Rg6 32. Qd2 Qf5 33. Rxd4 Qxh3 34. Re1 Kh7 35. Re2 Qf5 36. Qc2 Qg4 37. Qe4 Rxf4 38. Qxf4 Qxe2 0-1

[Event "Timisoara"]
[Site "Timisoara"]
[Date "1987.??.??"]
[Round "?"]
[White "Barbulescu, Dan"]
[Black "Ghinda, Mihail Viorel"]
[Result "1/2-1/2"]
[WhiteElo "2465"]
[BlackElo "2460"]
[PlyCount "53"]
[EventDate "1987.??.??"]
[EventType "tourn"]
[EventRounds "15"]
[EventCountry "ROU"]
[EventCategory "9"]
[SourceTitle "EXT 1997"]
[Source "ChessBase"]
[SourceDate "1996.11.15"]
[SourceVersion "1"]
[SourceVersionDate "1996.11.15"]
[SourceQuality "1"]

1. e4 c5 2. Nf3 d6 3. d4 cxd4 4. Nxd4 Nf6 5. Nc3 a6 6. Be2 e6 7. 0-0 Qc7 8. f4 Be7 9. Kh1 0-0 10. a4 b6 11. e5 dxe5 12. fxe5 Nfd7 13. Bf3 Bb7 14. Bxb7 Qxb7 15. Bf4 Bc5 16. Rf3 Bxd4 17. Qxd4 Nc6 18. Qe4 Nc5 19. Qe1 f5 20. exf6 Rxf6 21. Ne4 Nxe4 22. Qxe4 Raf8 23. Raf1 Qd7 24. Rd3 Qc7 25. Rdf3 Qd7 26. Rd3 Qc7 27. Rdf3 1/2-1/2

[Event "Timisoara"]
[Site "Timisoara"]
[Date "1987.??.??"]
[Round "?"]
[White "Barbulescu, Dan"]
[Black "Ionescu, Constantin"]
[Result "0-1"]
[WhiteElo "2465"]
[BlackElo "2520"]
[PlyCount "84"]
[EventDate "1987.??.??"]
[EventType "tourn"]
[EventRounds "15"]
[EventCountry "ROU"]
[EventCategory "9"]
[SourceTitle "EXT 1997"]
[Source "ChessBase"]
[SourceDate "1996.11.15"]
[SourceVersion "1"]
[SourceVersionDate "1996.11.15"]
[SourceQuality "1"]

1. e4 c5 2. Nf3 e6 3. d4 cxd4 4. Nxd4 a6 5. Bd3 Nf6 6. 0-0 d6 7. c4 b6 8. Nc3 Bb7 9. f4 g6 10. f5 gxf5 11. Bg5 Rg8 12. Nf3 Nbd7 13. exf5 Bxf3 14. Bxf6 Rxg2+ 15. Kh1 Rf2+ 16. Qxf3 Rxf3 17. Bxd8 Rxd3 18. Bg5 h6 19. fxe6 fxe6 20. Bf4 Rc8 21. Rae1 e5 22. Re4 Nc5 23. Re2 Nd7 24. Re4 Nf6 25. Bxh6 Be7 26. Rh4 Ng8 27. Bg5 Bxg5 28. Rg4 Ne7 29. Rxg5 Rxc4 30. Rg7 Rf4 31. Rxf4 exf4 32. Kg1 Kd7 33. Rg4 f3 34. Rb4 b5 35. Rb3 Nc6 36. Ne4 Rd1+ 37. Kf2 Ne5 38. h4 Rd4 39. Ng5 Rxh4 40. Ra3 Rh2+ 41. Kf1 Rxb2 42. Rxa6 Nd3 0-1

[Event "Timisoara"]
[Site "Timisoara"]
[Date "1987.??.??"]
[Round "?"]
[White "Foisor, Ovidiu Doru"]
[Black "Barbulescu, Dan"]
[Result "1-0"]
[WhiteElo "2495"]
[BlackElo "2465"]
[PlyCount "78"]
[EventDate "1987.??.??"]
[EventType "tourn"]
[EventRounds "15"]
[EventCountry "ROU"]
[EventCategory "9"]
[SourceTitle "EXT 1997"]
[Source "ChessBase"]
[SourceDate "1996.11.15"]
[SourceVersion "1"]
[SourceVersionDate "1996.11.15"]
[SourceQuality "1"]

1. d4 Nf6 2. c4 e6 3. Nf3 b6 4. Nc3 Bb7 5. Bg5 Be7 6. Qc2 d5 7. Bxf6 Bxf6 8. cxd5 exd5 9. e3 0-0 10. Be2 Nd7 11. 0-0 c5 12. Rfd1 Rc8 13. Rac1 a6 14. dxc5 Nxc5 15. Qb1 Qd7 16. Bc4 Na4 17. Nxd5 Bxd5 18. Rxd5 Qc7 19. Rdd1 Qa7 20. Nd4 b5 21. Bd5 g6 22. g3 Kg7 23. Rd2 Qb6 24. Bb3 Qa5 25. Rcd1 Qb4 26. Qe4 Qe7 27. Qg4 Kh8 28. h4 h5 29. Qf3 Kg7 30. Kg2 Nc5 31. Nc6 Qb7 32. Bd5 Qb6 33. Nd4 Rfd8 34. Ne2 Na4 35. b3 Nc3 36. Nxc3 Bxc3 37. Qxf7+ Kh6 38. Rd3 Be5 39. Qe7 Qd6 1-0

[Event "Olympiad-27"]
[Site "Dubai"]
[Date "1986.11.22"]
[Round "7"]
[White "Barbulescu, Dan"]
[Black "De Firmian, Nick E"]
[Result "1/2-1/2"]
[WhiteElo "2465"]
[BlackElo "2430"]
[PlyCount "48"]
[EventDate "1986.11.15"]
[EventType "team-swiss"]
[EventRounds "14"]
[EventCountry "UAE"]
[SourceTitle "TD"]
[Source "ChessBase"]
[SourceDate "1994.03.01"]
[SourceVersion "1"]
[SourceVersionDate "1994.03.01"]
[SourceQuality "1"]
[WhiteTeam "Romania"]
[BlackTeam "United States"]
[WhiteTeamCountry "ROU"]
[BlackTeamCountry "USA"]

1. e4 c5 2. Nf3 d6 3. d4 cxd4 4. Nxd4 Nf6 5. Nc3 a6 6. Be2 e5 7. Nb3 Be7 8. 0-0 0-0 9. Be3 Be6 10. Qd2 Nbd7 11. a4 Rc8 12. a5 Qc7 13. Rfd1 Rfe8 14. Qe1 Bf8 15. Nc1 h6 16. Bf3 d5 17. exd5 Bf5 18. Qd2 Bd6 19. h3 e4 20. Be2 Ne5 21. Nb3 Qd7 22. Nd4 Bxh3 23. gxh3 Qxh3 24. Bf4 Rcd8 1/2-1/2

[Event "Capablanca Memorial-A 21st"]
[Site "Havana"]
[Date "1986.06.04"]
[Round "13"]
[White "Barbulescu, Dan"]
[Black "Diaz Diaz, Joaquin Carlos"]
[Result "1-0"]
[WhiteElo "2450"]
[BlackElo "2365"]
[PlyCount "113"]
[EventDate "1986.05.20"]
[EventType "tourn"]
[EventRounds "13"]
[EventCountry "CUB"]
[EventCategory "10"]
[SourceTitle "MCL"]
[Source "ChessBase"]
[SourceDate "1999.07.01"]
[SourceVersion "1"]
[SourceVersionDate "1999.07.01"]
[SourceQuality "1"]

1. e4 c5 2. Nf3 d6 3. d4 cxd4 4. Nxd4 Nf6 5. Nc3 g6 6. Be2 Bg7 7. 0-0 0-0 8. Kh1 Nc6 9. Nb3 a6 10. f4 b5 11. Bf3 Bd7 12. Be3 Rc8 13. Qd2 b4 14. Nd5 Nxd5 15. exd5 Na5 16. Qxb4 Nc4 17. Bd4 a5 18. Qe1 Bxd4 19. Nxd4 Qb6 20. c3 Qxb2 21. Qxe7 Qxc3 22. Ne2 Qe3 23. Qxd7 Nd2 24. Rfe1 Nxf3 25. Qh3 Nxe1 26. Qxe3 Nc2 27. Qc1 Rfe8 28. Rb1 Rxe2 29. Qb2 Rce8 30. Rg1 Nb4 31. Qf6 Nxd5 32. Qxd6 Ne3 33. a4 Nf5 34. Qa6 R2e4 35. Qxa5 Rxf4 36. Qb5 Rfe4 37. h3 R4e5 38. Qb4 Ra8 39. Ra1 Rea5 40. Kg1 Ne3 41. Qb3 Nf5 42. Qb4 Ng7 43. g4 Ne6 44. Kh2 Nc5 45. Rc1 Nxa4 46. Rc7 R5a6 47. Qb7 R6a7 48. Qd5 Rxc7 49. Qxa8+ Kg7 50. Qxa4 h6 51. Qd4+ Kh7 52. Qf6 Rd7 53. h4 Kg8 54. h5 Kh7 55. g5 Ra7 56. gxh6 Ra2+ 57. Kg1 1-0

[Event "Capablanca Memorial-A 21st"]
[Site "Havana"]
[Date "1986.06.01"]
[Round "10"]
[White "Vladimirov, Yevgeniy"]
[Black "Barbulescu, Dan"]
[Result "1-0"]
[WhiteElo "2490"]
[BlackElo "2450"]
[PlyCount "95"]
[EventDate "1986.05.20"]
[EventType "tourn"]
[EventRounds "13"]
[EventCountry "CUB"]
[EventCategory "10"]
[SourceTitle "MCL"]
[Source "ChessBase"]
[SourceDate "1999.07.01"]
[SourceVersion "1"]
[SourceVersionDate "1999.07.01"]
[SourceQuality "1"]

1. d4 d5 2. c4 c6 3. Nf3 Nf6 4. Nc3 dxc4 5. a4 Bf5 6. Ne5 Nbd7 7. Nxc4 Qc7 8. g3 e5 9. dxe5 Nxe5 10. Bf4 Rd8 11. Qc1 Bd6 12. Nxd6+ Qxd6 13. Bg2 Qe7 14. 0-0 a5 15. h3 0-0 16. g4 Bc8 17. Qe3 Ng6 18. Qxe7 Nxe7 19. e4 Be6 20. Bc7 Rd2 21. Rab1 Ra8 22. Rfd1 Rd7 23. Rxd7 Nxd7 24. Rd1 g5 25. Ne2 Ng6 26. Nd4 Nge5 27. Bf1 Rc8 28. Bd6 h6 29. Kg2 Re8 30. b3 f6 31. Be2 Bf7 32. Rb1 Bg6 33. f3 Nf7 34. Bc7 Rxe4 35. Rd1 Re7 36. Kf2 Nde5 37. Bxa5 Rd7 38. Bc3 c5 39. Ne6 Bc2 40. Rc1 Bg6 41. Nxc5 Re7 42. a5 Nd8 43. Rd1 Ndc6 44. b4 Kf7 45. Ne4 Kg7 46. Rd6 Rf7 47. b5 Na7 48. Nxf6 1-0

[Event "Capablanca Memorial-A 21st"]
[Site "Havana"]
[Date "1986.05.28"]
[Round "8"]
[White "Armas Gutierrez, Jorge Enrique"]
[Black "Barbulescu, Dan"]
[Result "0-1"]
[WhiteElo "2345"]
[BlackElo "2450"]
[PlyCount "62"]
[EventDate "1986.05.20"]
[EventType "tourn"]
[EventRounds "13"]
[EventCountry "CUB"]
[EventCategory "10"]
[SourceTitle "MCL"]
[Source "ChessBase"]
[SourceDate "1999.07.01"]
[SourceVersion "1"]
[SourceVersionDate "1999.07.01"]
[SourceQuality "1"]

1. d4 Nf6 2. c4 e6 3. Nc3 Bb4 4. f3 c5 5. d5 Nh5 6. g3 0-0 7. e4 f5 8. f4 Nf6 9. e5 Ne4 10. Bd2 Bxc3 11. Bxc3 d6 12. Bg2 dxe5 13. fxe5 b5 14. d6 Bb7 15. Nf3 f4 16. cxb5 a6 17. bxa6 Rxa6 18. Qc2 Bd5 19. g4 Nc6 20. 0-0 Qb6 21. Kh1 Nb4 22. Qe2 Nxa2 23. Nd2 Naxc3 24. Qxa6 Qxa6 25. Rxa6 Nxd2 26. bxc3 f3 27. Rf2 fxg2+ 28. Kg1 Nf3+ 29. Kxg2 Ng5+ 30. Kf1 Bc4+ 31. Ke1 Rxf2 0-1

[Event "ROM-ch49 Final"]
[Site "Timisoara"]
[Date "1986.01.??"]
[Round "?"]
[White "Stoica, Valentin"]
[Black "Barbulescu, Dan"]
[Result "1/2-1/2"]
[WhiteElo "2430"]
[BlackElo "2450"]
[PlyCount "31"]
[EventDate "1985.12.??"]
[EventType "swiss"]
[EventRounds "11"]
[EventCountry "ROU"]
[SourceTitle "EXT 2020"]
[Source "ChessBase"]
[SourceDate "2019.10.17"]
[SourceVersion "1"]
[SourceVersionDate "2019.10.17"]
[SourceQuality "1"]

1. e4 e5 2. Nf3 Nc6 3. Bc4 Nf6 4. d3 Be7 5. 0-0 0-0 6. c3 d5 7. exd5 Nxd5 8. Re1 Nb6 9. Bb5 f6 10. d4 Bg4 11. Nbd2 exd4 12. Bxc6 dxc3 13. Bxb7 cxd2 14. Bxd2 Rb8 15. Bc6 Bd6 16. Qc2 1/2-1/2

[Event "World Team-ch01"]
[Site "Luzern"]
[Date "1985.11.24"]
[Round "8.4"]
[White "Barbulescu, Dan"]
[Black "Seret, Jean Luc"]
[Result "1-0"]
[WhiteElo "2465"]
[BlackElo "2455"]
[PlyCount "77"]
[EventDate "1985.11.16"]
[EventType "team-tourn"]
[EventRounds "9"]
[EventCountry "SUI"]
[SourceTitle "MCD"]
[Source "ChessBase"]
[SourceDate "1999.07.01"]
[SourceVersion "1"]
[SourceVersionDate "1999.07.01"]
[SourceQuality "1"]
[WhiteTeam "Romania"]
[BlackTeam "France"]
[WhiteTeamCountry "ROU"]
[BlackTeamCountry "FRA"]

1. e4 d6 2. d4 Nf6 3. Nc3 g6 4. Nf3 Bg7 5. Be2 0-0 6. 0-0 c6 7. Re1 Nbd7 8. a4 e5 9. a5 Re8 10. dxe5 dxe5 11. Bc4 Qc7 12. Be3 Nf8 13. Qe2 Ne6 14. Ng5 Nxg5 15. Bxg5 Rb8 16. b4 Nh5 17. Be3 Nf4 18. Qd1 Rd8 19. Qb1 Ra8 20. Na4 Qe7 21. Bf1 Bf8 22. c3 Qc7 23. Qc2 Bd7 24. f3 Ne6 25. Qf2 c5 26. Nxc5 Nxc5 27. bxc5 Rdc8 28. a6 bxa6 29. Bxa6 Rcb8 30. Ra3 Bb5 31. Rea1 Qc6 32. h3 Qe6 33. Qa2 Qd7 34. Qd5 Qe8 35. Bxb5 Rxb5 36. Rxa7 Rd8 37. Ra8 Rxd5 38. Rxe8 Rd3 39. Bh6 1-0

[Event "World Team-ch01"]
[Site "Luzern"]
[Date "1985.11.23"]
[Round "7.4"]
[White "Xu, Jun"]
[Black "Barbulescu, Dan"]
[Result "1/2-1/2"]
[WhiteElo "2440"]
[BlackElo "2465"]
[PlyCount "102"]
[EventDate "1985.11.16"]
[EventType "team-tourn"]
[EventRounds "9"]
[EventCountry "SUI"]
[SourceTitle "MCD"]
[Source "ChessBase"]
[SourceDate "1999.07.01"]
[SourceVersion "1"]
[SourceVersionDate "1999.07.01"]
[SourceQuality "1"]
[WhiteTeam "China"]
[BlackTeam "Romania"]
[WhiteTeamCountry "CHN"]
[BlackTeamCountry "ROU"]

1. d4 Nf6 2. c4 e6 3. Nf3 b6 4. g3 Ba6 5. b3 Bb4+ 6. Bd2 Be7 7. Bg2 c6 8. Bc3 d5 9. Nbd2 Nbd7 10. 0-0 0-0 11. Re1 c5 12. e4 dxc4 13. bxc4 cxd4 14. Nxd4 Ne5 15. Qa4 Bb7 16. Rad1 Qc8 17. f4 Nd3 18. Re3 Nc5 19. Qc2 Rd8 20. h3 Bf8 21. Kh2 a6 22. Bf3 Qc7 23. e5 Nfd7 24. Bxb7 Qxb7 25. f5 g6 26. fxe6 fxe6 27. N2b3 Bh6 28. Re2 Rf8 29. Bd2 Bxd2 30. Qxd2 Rf7 31. Nxc5 Nxc5 32. Rf2 Raf8 33. Rxf7 Rxf7 34. Qg2 Rd7 35. Qxb7 Nxb7 36. Rd2 Na5 37. Nb3 Rxd2+ 38. Nxd2 Kf8 39. Kg2 Nc6 40. Nf3 Ke7 41. Kf2 Na5 42. Nd2 Nc6 43. Nf3 Nb4 44. a3 Nc2 45. a4 a5 46. Nd2 Nb4 47. Ke3 Na6 48. Nb3 Kd7 49. Kd4 Kc6 50. h4 Nc5 51. Nxc5 bxc5+ 1/2-1/2

[Event "Olympiad-26"]
[Site "Thessaloniki"]
[Date "1984.11.25"]
[Round "7"]
[White "Barbulescu, Dan"]
[Black "Browne, Walter Shawn"]
[Result "1-0"]
[WhiteElo "2370"]
[BlackElo "2585"]
[PlyCount "83"]
[EventDate "1984.11.19"]
[EventType "team-swiss"]
[EventRounds "14"]
[EventCountry "GRE"]
[SourceTitle "EXT 1997"]
[Source "ChessBase"]
[SourceDate "1996.11.15"]
[SourceVersion "1"]
[SourceVersionDate "1996.11.15"]
[SourceQuality "1"]
[WhiteTeam "Romania"]
[BlackTeam "United States"]
[WhiteTeamCountry "ROU"]
[BlackTeamCountry "USA"]

1. e4 c5 2. Nf3 d6 3. d4 cxd4 4. Nxd4 Nf6 5. Nc3 a6 6. Be3 e6 7. Qd2 b5 8. f3 Bb7 9. g4 Nc6 10. 0-0-0 Be7 11. g5 Nd7 12. h4 0-0 13. Nxc6 Bxc6 14. h5 Ne5 15. f4 Ng4 16. Bh3 Nxe3 17. Qxe3 b4 18. h6 g6 19. Ne2 e5 20. Kb1 Qa5 21. f5 Qc5 22. Qxc5 dxc5 23. f6 Bd8 24. Ng3 c4 25. Rd6 Bb5 26. Rhd1 Bc7 27. R6d5 Bb6 28. Nf1 Bd4 29. Bd7 Bxd7 30. Rxd7 c3 31. Nh2 cxb2 32. Nf3 Bc3 33. R1d5 a5 34. Nxe5 a4 35. Nc4 a3 36. e5 Rfe8 37. Re7 Red8 38. Rxd8+ Rxd8 39. Nd6 b3 40. e6 bxa2+ 41. Kxa2 fxe6 42. f7+ 1-0

[Event "Rubinstein Memorial-22"]
[Site "Polanica Zdroj"]
[Date "1984.08.18"]
[Round "13"]
[White "Panczyk, Krzysztof"]
[Black "Barbulescu, Dan"]
[Result "1/2-1/2"]
[WhiteElo "2365"]
[BlackElo "2370"]
[PlyCount "81"]
[EventDate "1984.08.05"]
[EventType "tourn"]
[EventRounds "15"]
[EventCountry "POL"]
[EventCategory "8"]
[SourceTitle "MCL"]
[Source "ChessBase"]
[SourceDate "1999.07.01"]
[SourceVersion "1"]
[SourceVersionDate "1999.07.01"]
[SourceQuality "1"]

1. d4 Nf6 2. c4 e6 3. Nc3 Bb4 4. e3 0-0 5. Bd3 d5 6. Nge2 c5 7. 0-0 cxd4 8. exd4 dxc4 9. Bxc4 Nbd7 10. a3 Be7 11. Qd3 Nb6 12. Ba2 Bd7 13. Bg5 Rc8 14. Rfe1 Na4 15. Nxa4 Bxa4 16. Nc3 Bc6 17. Rad1 Qa5 18. Qd2 Qd8 19. Qe2 Re8 20. Bxf6 Bxf6 21. Qg4 Qb6 22. d5 Bxc3 23. bxc3 Bxd5 24. Bxd5 exd5 25. Re7 Qc6 26. Rxe8+ Rxe8 27. Qd4 g6 28. h4 h5 29. Qxa7 Qxc3 30. Qxb7 Re1+ 31. Rxe1 Qxe1+ 32. Kh2 Qxf2 33. Qxd5 Qxh4+ 34. Kg1 Qe1+ 35. Kh2 Qh4+ 36. Kg1 Qf4 37. Qa8+ Kg7 38. a4 Qc1+ 39. Kf2 Qf4+ 40. Ke2 Qc4+ 41. Kd2 1/2-1/2

[Event "Rubinstein Memorial-22"]
[Site "Polanica Zdroj"]
[Date "1984.08.16"]
[Round "11"]
[White "Kuligowski, Adam"]
[Black "Barbulescu, Dan"]
[Result "0-1"]
[WhiteElo "2415"]
[BlackElo "2370"]
[PlyCount "112"]
[EventDate "1984.08.05"]
[EventType "tourn"]
[EventRounds "15"]
[EventCountry "POL"]
[EventCategory "8"]
[SourceTitle "MCL"]
[Source "ChessBase"]
[SourceDate "1999.07.01"]
[SourceVersion "1"]
[SourceVersionDate "1999.07.01"]
[SourceQuality "1"]

1. Nf3 d5 2. c4 c6 3. e3 Nf6 4. Nc3 g6 5. d4 Bg7 6. Bd3 0-0 7. 0-0 Bg4 8. h3 Bxf3 9. Qxf3 e6 10. Rd1 Nbd7 11. b3 Re8 12. Bf1 a6 13. Bd2 e5 14. cxd5 e4 15. Qe2 Nxd5 16. Nxd5 cxd5 17. Bb4 Rc8 18. Rac1 Re6 19. Qd2 Rec6 20. Rxc6 Rxc6 21. Rc1 Qc8 22. Rxc6 Qxc6 23. Be7 Nf8 24. Qa5 Ne6 25. b4 Qc7 26. Qxc7 Nxc7 27. Bd8 Nb5 28. a4 Nd6 29. Bc7 Nc4 30. b5 axb5 31. axb5 f5 32. Be2 Kf7 33. g4 Ke6 34. Kg2 Bf8 35. gxf5+ gxf5 36. h4 Be7 37. Kg3 Bb4 38. Kg2 Be7 39. Kg3 Bb4 40. h5 Be1 41. Kg2 Nb2 42. h6 Nd3 43. Bg3 Bb4 44. Bh4 Bd6 45. Bh5 Ne1+ 46. Kh3 Nf3 47. Bd8 Bf8 48. Be8 Bxh6 49. b6 Bf8 50. Bc7 Bd6 51. Bxd6 Kxd6 52. Kg3 Ng5 53. Kh4 Ne6 54. Ba4 f4 55. Kh5 fxe3 56. fxe3 Nf8 0-1

[Event "Rubinstein Memorial-22"]
[Site "Polanica Zdroj"]
[Date "1984.08.12"]
[Round "8"]
[White "Barbulescu, Dan"]
[Black "Eingorn, Vereslav S"]
[Result "1/2-1/2"]
[WhiteElo "2370"]
[BlackElo "2475"]
[PlyCount "37"]
[EventDate "1984.08.05"]
[EventType "tourn"]
[EventRounds "15"]
[EventCountry "POL"]
[EventCategory "8"]
[SourceTitle "MCL"]
[Source "ChessBase"]
[SourceDate "1999.07.01"]
[SourceVersion "1"]
[SourceVersionDate "1999.07.01"]
[SourceQuality "1"]

1. e4 e6 2. d4 d5 3. Nd2 a6 4. Ngf3 c5 5. exd5 exd5 6. dxc5 Bxc5 7. Nb3 Ba7 8. Bd3 Qe7+ 9. Qe2 Bg4 10. 0-0 Qxe2 11. Bxe2 Nc6 12. Re1 Nge7 13. h3 Bf5 14. c3 0-0 15. Bf4 Rad8 16. Bf1 Be4 17. Nfd2 Bg6 18. Nf3 Be4 19. Nfd2 1/2-1/2